Historia, organización y capacitación

Uloženo v:
Podrobná bibliografie
Korporativní autor: Partido Acción Democrática (Venezuela)
Médium: Text
Vydáno: Caracas: P.A.D.
Tagy: Přidat tag
Žádné tagy, Buďte první, kdo vytvoří štítek k tomuto záznamu!

MARC

LEADER 00000 a a2200000 04500
001 17650
003
040
090 |a 006500  
110 |a Partido Acción Democrática (Venezuela)  
245 |a Historia, organización y capacitación  
260 |a Caracas:   |b P.A.D.  
300 |a 46 p.  
999 |c 10847  |d 10847